| 000 | 03319cam a22004574i 4500 | ||
|---|---|---|---|
| 003 | PE-LiUPU | ||
| 005 | 20250731165416.0 | ||
| 008 | 151203s2008 pe a grm 000 0 spa d | ||
| 035 | _a(Sirsi) a155400 | ||
| 040 |
_aPE-LiUPU _bspa _cPE-LiUPU _erda |
||
| 099 |
_aSP 3 _bS42 2008 |
||
| 100 | 1 |
_aSerrano Ontaneda, Celia Mercedes _eautor |
|
| 245 | 1 |
_aEficacia de un programa de intervenciòn sobre autocuidado de la salud del adulto mayor en el desarrollo de las capacidades de los agentes comunitarios de salud para promocionar el autocuidado en el centro poblado Virgen del Carmen "La Era" -Microrred 11- Disa IV / _cCelia Mercedes Serrano Ontaneda. |
|
| 264 | 0 | _c2008. | |
| 300 |
_a253 hojas : _bilustraciones; _c31 cm |
||
| 336 |
_atext _2rdacontent |
||
| 337 |
_aunmediated _2rdamedia |
||
| 338 |
_avolume _2rdacarrier |
||
| 502 |
_aTesis _b(Mg.) -- _cUniversidad Peruana Unión, _d2008. |
||
| 504 | _aIncluye referencias | ||
| 520 | 3 | _aAnte el incremento de la esperanza de vida en el Perú y el aumento de las enfermedades prevenibles, es importante resaltar el tema del autocuidado de la salud para mejorar la calidad de vida de los adultos mayores. La carencia de programas para agentes comunitarios de salud en dicho tema, motivo el presente estudio. El objetivo del presente trabajo de investigación fue determinar la eficacia de un programa de intervención dirigido a agentes comunitarios de salud para desarrollar sus capacidades en la promoción del autocuidado de la salud del adulto mayor en el Centro Poblado Virgen del Carmen La Era, perteneciente a la Microrred 11, DIVISA IV, Lima, Durante el año 2006. El tipo de estudio fue longitudinal, y el diseño de estudio fue pre-experimental. La población estuvo conformada por 32 agentes comunitarios de salud, de ambos sexos. La muestra fue seleccionada por muestreo no probabilístico, por conveniencia. El diseño metodológico de los tallares de capacitación incluyó la recuperación de datos previos; búsqueda y sistematización de nueva información; asimismo la comprobación, aplicación y compromiso. Se realizaron talleres participativos y juego de roles, además se sensibilizó a través de una feria de salud con visita domiciliaria. Se registró un 84% de asistencia a los talleres de aprendizaje. Los evaluaciones se realizaron mediante la aplicación de un cuestionario y ficha de observación, antes y después de la intervención. Los resultados obtenidos de la muestra de estudio indicaron que el programa educativo fue efectivo con un incremento estadísticamente significativo en: conocimientos de 26.46%, actitudes de 10.12% de los agentes comunitarios de salud. | |
| 526 | _aSEG44 | ||
| 526 | _aSEG26 | ||
| 526 | _aP151 | ||
| 526 | _aP150 | ||
| 526 | _aP149 | ||
| 526 | _aP146 | ||
| 526 | _aP145 | ||
| 526 | _aP126 | ||
| 526 | _aP125 | ||
| 526 | _aP92 | ||
| 526 | _aP75 | ||
| 526 | _aP74 | ||
| 526 | _aP27 | ||
| 526 | _aP15 | ||
| 650 | 0 | 4 |
_aAncianos _xSalud e higiene. |
| 596 | _a1 | ||
| 942 |
_2ddc _cTESIS |
||
| 999 |
_aSP 3 S42 2008 _wALPHANUM _c8083 _iT01036 _lCCODEBUL3 _mBUL _r1 _sY _tTESIS _u2015-12-3 _xPOSGRADO _PP82 _o.STAFF. Tesis _d8083 |
||
| 999 |
_aSP 3 S42 2008 _wALPHANUM _c2 _iT01867 _lCCODEBUL3 _mBUL _r1 _sY _tTESIS _u2016-1-5 _xPOSGRADO _PP82 _o.PUBLIC. Tesis |
||
| 980 |
_81 _gALBERTO SANCHEZ Responsable de Automatización |
||